| 000 | 00799nam a22002417a 4500 | ||
|---|---|---|---|
| 003 | OSt | ||
| 005 | 20260306075343.0 | ||
| 008 | 260306b |||||||| |||| 00| 0 eng d | ||
| 020 | _a02/28/2007 | ||
| 040 |
_aDWCL Main lib _cOC |
||
| 082 |
_26th ed. _aCirc. 616.89 B725 1993 |
||
| 100 | _aBootzin, Richard R. | ||
| 245 |
_aAbnormal psychology : _bcurrent perspectives _cRichard R. Bootzin |
||
| 250 | _a6th ed. | ||
| 260 |
_aNew York : _bMcGraw-Hill, Inc., _cc1993. |
||
| 300 |
_axvii, various pagings : _bcol. ill. ; _c28 cm. |
||
| 500 | _aIncludes bibliographical references and index. | ||
| 504 | _aIncludes bibliographical references and index. | ||
| 650 | _aAbnormal psychology. | ||
| 700 | _aAcocella, Joan R. | ||
| 700 | _aAlloy, Lauren B. | ||
| 942 |
_2ddc _cBK-CIRC _e6th ed. _kCirc. _n0 |
||
| 999 |
_c8722 _d8722 |
||